| 000 | 00412nam a22001697a 4500 | ||
|---|---|---|---|
| 003 | NUST | ||
| 020 | _a0-8247-2542-5 | ||
| 038 | _akhadija | ||
| 082 |
_a616.0755 _bADV |
||
| 100 |
_aLandini, Luigi _982767 |
||
| 245 | _aAdvanced Magnetic Image In Resonance Processing Imaging | ||
| 260 |
_aUSA : _bCRC, _c2005. |
||
| 300 |
_a611 p. ; _b23cm |
||
| 500 | _aHardcover. | ||
| 563 | _ahardcover | ||
| 942 |
_cBK _2ddc |
||
| 999 |
_c33403 _d33403 |
||